| 000 | 01011cab a2200241 4500 | ||
|---|---|---|---|
| 001 | WB3401-86 | ||
| 008 | 090401t1997 xxu||||| |||| 00| 0 eng d | ||
| 035 | _a(Sirsi) u82759 | ||
| 041 | _aeng | ||
| 245 | _aDuty of care | ||
| 260 | _c1997 | ||
| 350 | _a0 | ||
| 490 |
_aEstates Gazette Case Summaries _v[1997] EGCS 171 |
||
| 520 | _a"Perry v Butlins Holiday World (t/a Butlins Ltd)" CA 28 November 1997. Plaintiff injured on wall built with engineering bricks with sharp edges. Wall in area used by children. Whether owner of wall failing in duty of care under the Occupier`s Liability Act 1957. Evidence given referring to BS 5692 [1982]. Judge found owner in breach of duty. Appeal by owner dismissed. | ||
| 650 | _aBREACH OF DUTY | ||
| 650 | _aCHILDREN | ||
| 650 | _aDUTY OF CARE | ||
| 650 | _aOCCUPIERS LIABILITY ACT 1957 | ||
| 650 | _aBUILT ENVIRONMENT-BUILDING ELEMENTS-COMPLETE BUILDING ELEMENTS-WALLS | ||
| 690 | _aPROPERTY LAW AND PRACTICE-CASE LAW | ||
| 942 | _n0 | ||
| 948 | _c17/12/1997 | ||
| 999 |
_c52269 _d52269 |
||